| 000 | 00383 a2200133 4500 | ||
|---|---|---|---|
| 005 | 20250528131357.0 | ||
| 020 | _a978-0-07-340304-5 | ||
| 082 | _a174.4 GHI | ||
| 100 | _aGHILLYER, A. | ||
| 245 | _aBusiness Ethics : A Real Word Approach | ||
| 260 |
_aNew York, _bMcgraw-Hill Irwin, _c2008. |
||
| 300 |
_axx, 287p.: Ill.;pictures & table. _bGlossary & Index _c25cm. |
||
| 942 |
_2ddc _cBKS |
||
| 999 |
_c2775 _d2775 |
||